| 000 | 00910nmm a2200265 a 4500 | ||
|---|---|---|---|
| 001 | ocm0001520614 | ||
| 003 | TR-IsHL | ||
| 005 | 20201028163134.0 | ||
| 008 | 170206s2016 tu tur | ||
| 007 | cr cn | ||
| 020 | _a9789758915934 | ||
| 035 |
_a1520614 _b(N$T) |
||
| 050 | 0 | 4 |
_aDR728 _b.D46 2016 |
| 090 | 0 | 4 |
_aDR728 _b.D46 2016 |
| 100 | 1 | _aDemirdurak, Bülent | |
| 245 | 1 | 0 |
_aİstanbul: yuvarlak dünyanın köşeleri _h[electronic resource] / _cBülent Demirdurak |
| 260 |
_aİstanbul : _bGiTa Yayınları, _c2016 |
||
| 300 | _a240 p. | ||
| 650 | 4 | _aSpor, Seyahat ve Turizm | |
| 650 | 4 | _aSports, Travel & Tourism | |
| 650 | 0 |
_aİstanbul _x Tanıtım ve seyahat |
|
| 650 | 0 |
_aIstanbul _x Description and travel |
|
| 650 | 7 |
_aHISTORY / Middle East / Turkey & Ottoman Empire _2bisacsh |
|
| 856 | 4 | 0 | _uhttp://search.ebscohost.com/login.aspx?direct=true&scope=site&db=e011xww&AN=1520614 |
| 999 |
_c15182 _d15182 |
||